La plus grande ville de ... - Statistiques

Statistiques générales
  • Ce quiz a été pris 360 fois
    239 depuis la dernière actualisation
  • Le résultat moyen est 13 sur 21
Statistiques - réponses
Le plus grand de... Ville % Correct
Californie Los Angeles
95%
Union Sovietique Moscou
94%
Pays Nordiques Stockholm
93%
Oceanie Sydney
93%
Canada Toronto
91%
Pays Baltes Riga
84%
Amérique du sud São Paulo
83%
Yougoslavie Belgrade
82%
Amérique du Nord Mexico
80%
Texas Houston
76%
*Union européenne Berlin
72%
Afrique sub-saharienne Lagos
59%
Parlant arabe Le Caire
42%
sur une île Tokyo
42%
Parlant français Kinshasa
40%
Bordant la mer Baltique Saint-Pétersbourg
39%
Border la mer Méditerranée Alexandrie
34%
Bordant la mer Caspienne Bakou
33%
Amérique centrale Tegucigalpa
26%
Bordant la mer Rouge Djeddah
13%
Sibérie Novosibirsk
12%
Aucun quiz correspondant
Distribution des résultats
% des personnes avec chaque résultat
Percentile par nombre de réponses
Votre historique - résultats
Vous n’avez pas pris ce quiz depuis la dernière actualisation